| 000 | 00459nam a2200205Ia 4500 | ||
|---|---|---|---|
| 001 | 12426 | ||
| 003 | GE_BSU | ||
| 008 | 181216s||||||||xx |||||||||||||| ||und|| | ||
| 020 | _a9780553408959 | ||
| 040 | _cGE_BSU | ||
| 080 | _a821.111-32 | ||
| 100 | _aBingham,Charlotte. | ||
| 245 | 4 | _aThe Nightingale Sings. | |
| 260 | _aLondon. | ||
| 260 | _bBantam Books. | ||
| 260 | _c1988 | ||
| 300 | _a639p;18cm. | ||
| 653 | _aThe Nightingale Sings. | ||
| 942 | _cBK | ||
| 999 |
_c45600 _d45600 |
||